Movimientos Sociales en Casta Rica (1825-1930) / (Record no. 67690)

MARC details
000 -LEADER
fixed length control field 00644cam a2200205 4500
008 - FIXED-LENGTH DATA ELEMENTS--GENERAL INFORMATION
fixed length control field 081223s1997 cr a 000 0 spa u
020 ## - INTERNATIONAL STANDARD BOOK NUMBER
International Standard Book Number 9977646279
100 1# - MAIN ENTRY--PERSONAL NAME
Personal name Oliva Medina, Mario
245 10 - TITLE STATEMENT
Title Movimientos Sociales en Casta Rica (1825-1930) /
Statement of responsibility, etc Mario Oliva Medina.
250 ## - EDITION STATEMENT
Edition statement 1a ed.
260 ## - PUBLICATION, DISTRIBUTION, ETC. (IMPRINT)
Place of publication, distribution, etc Costa Rica :
Name of publisher, distributor, etc EUNED,
Date of publication, distribution, etc 1997
300 ## - PHYSICAL DESCRIPTION
Extent X, 80 p. :
Other physical details il. ;
Dimensions 27 cm.
440 #0 - SERIES STATEMENT/ADDED ENTRY--TITLE
Title Nuestra Historia
Volume number/sequential designation 13
504 ## - BIBLIOGRAPHY, ETC. NOTE
Bibliography, etc Incluye bibliografías
650 #7 - SUBJECT ADDED ENTRY--TOPICAL TERM
Topical term or geographic name as entry element Movimientos Sociales
Geographic subdivision Costa Rica
General subdivision Historia
Source of heading or term LIBRUNAM
651 #7 - SUBJECT ADDED ENTRY--GEOGRAPHIC NAME
Geographic name Costa Rica
General subdivision Condiciones Sociales
942 ## - ADDED ENTRY ELEMENTS (KOHA)
Source of classification or shelving scheme Biblioteca del Cogreso de los Estados Unidos
Koha item type Libro
Holdings
Estado de pérdida Fuente de clasificación Estado del daño No para préstamo Ubicación permanente Ubicación actual Apartado o colección Fecha de adquisición Fuente de adquisición Edición Dependencia de educación superior (DES) Área del conocimiento Clasificación Código de Barras Date last seen Número de copia Tipo de recurso
  Biblioteca del Cogreso de los Estados Unidos     Biblioteca del Instituto de Investigaciones Históricas Biblioteca del Instituto de Investigaciones Históricas General 04/09/2018 Donación 2da. rem. Humanidades Ciencias Sociales y Administrativas HN133 055 1997 IH000025905 04/09/2018 1 Libro